logo

Bir Sreshtho Munshi Abdur Rouf Library
Jhenaidah Cadet College

বাঙলা একাডেমী পত্রিকা / (Record no. 7449)

MARC details
000 -LEADER
fixed length control field 00588nam a2200205 a 4500
001 - CONTROL NUMBER
JCCL Control Number 7449
003 - CONTROL NUMBER IDENTIFIER
JCCL marc code BD-JhCC
005 - DATE AND TIME OF LATEST TRANSACTION
control field 20180210124942.0
008 - FIXED-LENGTH DATA ELEMENTS--GENERAL INFORMATION
fixed length control field 180210b13751375bg |||| ||a| 000 0 ben d
035 ## - SYSTEM CONTROL NUMBER
system control number (BD-JhCC)
040 ## - CATALOGING SOURCE
Original cataloging agency BD-JhCC 7449
Modifying agency BD-JhCC
041 ## - LANGUAGE CODE
Language code of Book ben
100 ## - MAIN ENTRY--PERSONAL NAME
Personal name মুহম্মদ, কাজী দীন
245 ## - TITLE STATEMENT
Title বাঙলা একাডেমী পত্রিকা /
Statement of responsibility, etc কাজী দীন মুহম্মদ
260 ## - PUBLICATION, DISTRIBUTION, ETC. (IMPRINT)
Place of publication, distribution, etc ঢাকা :
Date of publication, distribution, etc 1375
300 ## - PHYSICAL DESCRIPTION
Pagination 177 p .:
Dimensions 24 cm .
650 ## - SUBJECT ADDED ENTRY--TOPICAL TERM
Topical term or geographic name as entry element News Paper
942 ## - ADDED ENTRY ELEMENTS (KOHA)
Source of classification or shelving scheme Dewey Decimal Classification
Koha item type Books
Holdings
Source of classification or shelving scheme Damaged status Not for loan Home library Current library Shelving location Date of accession Total Checkouts Full call number Barcode Date last seen Copy number Koha item type
Dewey Decimal Classification     JCC Rouf Library JCC Rouf Library General Stacks 02/10/2018   070.41092 BAN 1375 9517 02/10/2018 C-1 Books
Dewey Decimal Classification     JCC Rouf Library JCC Rouf Library General Stacks     070.41092 BAN 1374 9515 02/10/2018 C 2 Books
Dewey Decimal Classification     JCC Rouf Library JCC Rouf Library General Stacks 02/10/2018   070.41092 BAN 1375 9955 10/27/2019 C-3 Books
Dewey Decimal Classification     JCC Rouf Library JCC Rouf Library General Stacks 02/10/2018   070.41092 BAN 1375 9956 10/27/2019 C-4 Books

JCC Library | Contacts | JCC Home

Last Update on 23 September 2017
Copyright @ 2017-2020 JCC Rouf Library
Rouf Library, Jhenidah Cadet College (JCC), Bangladesh